ابو القاسم الشابى : شاعر الحياة والموت / (Record no. 42164)
[ view plain ]
| 000 -الفاتح | |
|---|---|
| حقل البيانات ثابتة الطول | 00720nam a2200205Ia 4500 |
| 005 - وقت وتاريخ اخر تعامل مع التسجيلة | |
| رقم الضبط | 20240530103740.0 |
| 008 - عناصر البيانات ثابتة الطول - معلومات عامة | |
| حقل البيانات ثابتة الطول | 140319s9999 xx 000 0 ara d |
| 040 ## - مصدر الفهرسة | |
| وكالة الفهرسة الأصلية | GCL / |
| وكالة النسخ | GCL |
| 082 04 - رقم تصنيف ديوى العشرى | |
| رقم التصنيف | 811.9 |
| رقم المادة | أ أ |
| 100 1# - المدخل الرئيسى - إسم شخصى | |
| الإسم الشخصى | ايليا الحاوى |
| 245 10 - بيان العنوان | |
| العنوان | ابو القاسم الشابى : شاعر الحياة والموت / |
| بيان المسئوليه,etc | ايليا الحاوى |
| 300 ## - الوصف المادى | |
| التعداد | متعدد |
| 490 0# - بيان السلسلة | |
| عنوان السلسلة | الشعر العربى المعاصر : دراسة وتقييم |
| 650 04 - المدخل الاضافى بالموضوع-مصطلح موضوعى | |
| مصطلح موضوعي | الشعراء العرب |
| 650 04 - المدخل الاضافى بالموضوع-مصطلح موضوعى | |
| مصطلح موضوعي | الشعر العربى - دواوين وقصائد |
| 650 04 - المدخل الاضافى بالموضوع-مصطلح موضوعى | |
| مصطلح موضوعي | الشعر العربى - العصر الحديث |
| 700 1# - المدخل الاضافى - اسم شخصى | |
| الإسم الشخصى | ابوالقاسم الشابى |
| 942 ## - عناصر المدخل الإضافي( كوها) | |
| مصدر التصنيف او مخطط الترفيف | Dewey Decimal Classification |
| Koha [default] item type | كتاب |
| حالة التراجع | حالة الفقد | حالة تلف | ليس للاعارة | المكان المؤقت | الموقع الحالى | تاريخ الاكتساب | اجمالي اﻻعارات | رقم الطلب | الباركود | تاريخ اخر مشاهدة | تاريخ تفعيل السعر | نوع وعاء كوها | مصدر التصنيف او خطة الترفيف |
|---|---|---|---|---|---|---|---|---|---|---|---|---|---|
| مكتبة القاهرة الكبرى | مكتبة القاهرة الكبرى | 03/26/2014 | 811.9\اا | 101915 | 03/26/2014 | 03/26/2014 | كتاب | ||||||
| مكتبة القاهرة الكبرى | مكتبة القاهرة الكبرى | 08/20/2022 | 811.9\أ أ | 168288 | 08/20/2022 | 08/20/2022 | كتاب | ddc | |||||
| مكتبة القاهرة الكبرى | مكتبة القاهرة الكبرى | 08/20/2022 | 811.9\أ أ | 168289 | 08/20/2022 | 08/20/2022 | كتاب | ddc |

